Biographical studies in the Bible. (Record no. 3412)

000 -LEADER
fixed length control field 00531nam a2200181 a 4500
001 - CONTROL NUMBER
control field :::00001142$&:&@@
003 - CONTROL NUMBER IDENTIFIER
control field OkBaRHE
005 - DATE AND TIME OF LATEST TRANSACTION
control field 20000607103241.0
008 - FIXED-LENGTH DATA ELEMENTS--GENERAL INFORMATION
fixed length control field s1906 j 000 0 eng u
040 ## - CATALOGING SOURCE
Transcribing agency
100 1# - MAIN ENTRY--PERSONAL NAME
Personal name Strong, Sydney,
245 10 - TITLE STATEMENT
Title Biographical studies in the Bible.
260 ## - PUBLICATION, DISTRIBUTION, ETC. (IMPRINT)
Place of publication, distribution, etc Boston, MA.,
Name of publisher, distributor, etc Hope Publishing Company
Date of publication, distribution, etc 1906
300 ## - PHYSICAL DESCRIPTION
Extent 146 p. ;
Dimensions 19cm.
650 ## - SUBJECT ADDED ENTRY--TOPICAL TERM
Topical term or geographic name as entry element Bible Stories
942 ## - ADDED ENTRY ELEMENTS (KOHA)
Source of classification or shelving scheme
Koha item type Books
Copies
Withdrawn status Lost status Barcode Full call number Date last seen Permanent Location Shelving location Koha item type Source of classification or shelving scheme Damaged status Copy number Price effective from Not for loan Date acquired
  1142BS 550 .S72018-02-16RHEMA Bible Training CollegeGeneral StacksBooks  12010-04-14 2010-04-14